Statistics for Largest Cities in Venezuela

Click here to take the quiz!

General Stats

  • This quiz has been taken 23 times
  • The average score is 5 of 7

Answer Stats

Rk City % Correct
1Caracas
100%
2Maracaibo
91%
3Valencia
73%
5Maracay
64%
4Barquisimeto
55%
7Barcelona
55%
6Ciudad Guayana
27%

Score Distribution

Percentile by Number Answered

Percent of People with Each Score

Your Score History

You have not taken this quiz